Online katalóg knižníc regiónu Turca

Objavujeme svet (Record no. 22722)

MARC details
000 -LEADER
fixed length control field 01829cam a2200541 a 4500
001 - CONTROL NUMBER
control field 22722
003 - CONTROL NUMBER IDENTIFIER
control field SK-KTurca
005 - DATE AND TIME OF LATEST TRANSACTION
control field 20260421152640.0
008 - FIXED-LENGTH DATA ELEMENTS--GENERAL INFORMATION
fixed length control field 240315s2009 xo oa j 001 0 slo
015 ## - NATIONAL BIBLIOGRAPHY NUMBER
National bibliography number SNBA2010/01-00168
020 ## - INTERNATIONAL STANDARD BOOK NUMBER
International Standard Book Number 9788055120423
Qualifying information (viaz.)
035 ## - SYSTEM CONTROL NUMBER
System control number 0A4FE7B8-30D2-42AD-9CC4-2D0F80B6A318
035 ## - SYSTEM CONTROL NUMBER
System control number urn:nbn:sk:snk-amkxd5
035 ## - SYSTEM CONTROL NUMBER
System control number urn:nbn:sk:snk-am00826b
040 ## - CATALOGING SOURCE
Original cataloging agency POKPOH
Language of cataloging slo
Transcribing agency POKPOH
Modifying agency SNK
Description conventions AACR2
041 1# - LANGUAGE CODE
Language code of text/sound track or separate title slo
Language code of original fre
044 ## - COUNTRY OF PUBLISHING/PRODUCING ENTITY CODE
MARC country code xo
ISO country code SK
072 #7 - SUBJECT CATEGORY CODE
Subject category code 316.4
Subject category code subdivision Sociálne procesy
Source konspekt
072 #7 - SUBJECT CATEGORY CODE
Subject category code 821-93
Subject category code subdivision Literatúra pre deti a mládež
Source konspekt
080 ## - UNIVERSAL DECIMAL CLASSIFICATION NUMBER
Universal Decimal Classification number 316.423
Edition identifier 2001
080 ## - UNIVERSAL DECIMAL CLASSIFICATION NUMBER
Universal Decimal Classification number 364.6
Edition identifier 2001
080 ## - UNIVERSAL DECIMAL CLASSIFICATION NUMBER
Universal Decimal Classification number 316.728:502.131.1
Edition identifier 2001
080 ## - UNIVERSAL DECIMAL CLASSIFICATION NUMBER
Universal Decimal Classification number (0.053.2)
Edition identifier 2001
080 ## - UNIVERSAL DECIMAL CLASSIFICATION NUMBER
Universal Decimal Classification number (0.062)
Edition identifier 2001
100 1# - MAIN ENTRY--PERSONAL NAME
Personal name Gandon, Odile,
Dates associated with a name 1947-
Relationship aut
240 10 - UNIFORM TITLE
Uniform title Comprendre le monde
Language of a work Slovensky
245 10 - TITLE STATEMENT
Title Objavujeme svet
Remainder of title veľké výzvy zajtrajška
Statement of responsibility, etc. texty: Odile Gandon ; ilustrácie: Buster Bone, Stéphane Kiehl, Pascal Lemaître ; [z francúzskeho originálu preložila Zita Ročkárová, Silvia Hažírová]
250 ## - EDITION STATEMENT
Edition statement [1. vyd.]
260 ## - PUBLICATION, DISTRIBUTION, ETC.
Place of publication, distribution, etc. Bratislava
Name of publisher, distributor, etc. Ikar
Date of publication, distribution, etc. 2009
300 ## - PHYSICAL DESCRIPTION
Extent 143 s.
Other physical details fareb. fotogr. a ilustr.
Dimensions 26 cm
504 ## - BIBLIOGRAPHY, ETC. NOTE
Bibliography, etc. note Reg.
521 1# - TARGET AUDIENCE NOTE
Target audience note Pre čitateľov od 10 rokov
648 #7 - SUBJECT ADDED ENTRY--CHRONOLOGICAL TERM
Chronological term 21. stor.
Source of heading or term SNKPH
650 07 - SUBJECT ADDED ENTRY--TOPICAL TERM
Topical term or geographic name entry element globálne problémy
Source of heading or term SNKPH
650 07 - SUBJECT ADDED ENTRY--TOPICAL TERM
Topical term or geographic name entry element sociálne problémy
Source of heading or term SNKPH
650 07 - SUBJECT ADDED ENTRY--TOPICAL TERM
Topical term or geographic name entry element trvalo udržateľný život
Source of heading or term SNKPH
655 #7 - INDEX TERM--GENRE/FORM
Genre/form data or focus term populárno-náučné publikácie
Source of term SNKPH
655 #7 - INDEX TERM--GENRE/FORM
Genre/form data or focus term publikácie pre mládež
Source of term SNKPH
700 1# - ADDED ENTRY--PERSONAL NAME
Personal name Bone, Buster
Relationship ill
700 1# - ADDED ENTRY--PERSONAL NAME
Personal name Kiehl, Stéphane
Relationship ill
700 1# - ADDED ENTRY--PERSONAL NAME
Personal name Lemaître, Pascal
Relationship ill
700 1# - ADDED ENTRY--PERSONAL NAME
Personal name Ročkárová, Zita
Relationship trl
700 1# - ADDED ENTRY--PERSONAL NAME
Personal name Hažírová, Silvia
Relationship trl
942 ## - ADDED ENTRY ELEMENTS (KOHA)
Source of classification or shelving scheme Dewey Decimal Classification
Koha item type Odborná literatúra pre deti
Suppress in OPAC No
980 ## - EQUIVALENCE OR CROSS-REFERENCE-SERIES STATEMENT--PERSONAL NAME/TITLE [LOCAL, CANADA]
Personal name 316.423
980 ## - EQUIVALENCE OR CROSS-REFERENCE-SERIES STATEMENT--PERSONAL NAME/TITLE [LOCAL, CANADA]
Personal name 364.6
980 ## - EQUIVALENCE OR CROSS-REFERENCE-SERIES STATEMENT--PERSONAL NAME/TITLE [LOCAL, CANADA]
Personal name 316.728:502.131.1
Holdings
Stav vyradenia Strata Poškodenie Spôsob nadobudnutia Domovská knižnica Aktuálna knižnica Dátum nadobudnutia Cena Total checkouts Čiarový kód exemplára Date last seen Typ exemplára
      Kúpa Obecná knižnica Horná Štubňa Obecná knižnica Horná Štubňa 21.04.2026 4.00   9788055120423 21.04.2026 Odborná literatúra pre deti
Projekt je podporený Slovenskou asociáciou knižníc
Prevádzkuje Turčianska knižnica Martin 2026